000 00401nam a22001697a 4500
005 20160519170058.0
008 160519b xxu||||| |||| 00| 0 eng d
020 _a978-0-07-61987-6
041 _aeng
082 _b3330
100 _aRudin Walter
_9830
245 _aReal Complere Analysis
260 _aNew Delhi
_bTMH,
_c2006
300 _a416
650 _aDIPLOMA ENGINEERING
_9817
942 _cBK
999 _c1139
_d1139